<?xml version="1.0" encoding="UTF-8"?>
<collection xmlns="http://www.loc.gov/MARC21/slim">
<record>
  <controlfield tag="001">124060</controlfield>
  <controlfield tag="005">20230224162834.0</controlfield>
  <datafield tag="024" ind1="7" ind2=" ">
    <subfield code="2">doi</subfield>
    <subfield code="a">10.5209/arab.79765</subfield>
  </datafield>
  <datafield tag="024" ind1="8" ind2=" ">
    <subfield code="2">sideral</subfield>
    <subfield code="a">132438</subfield>
  </datafield>
  <datafield tag="037" ind1=" " ind2=" ">
    <subfield code="a">ART-2022-132438</subfield>
  </datafield>
  <datafield tag="041" ind1=" " ind2=" ">
    <subfield code="a">spa</subfield>
  </datafield>
  <datafield tag="100" ind1=" " ind2=" ">
    <subfield code="a">Gascón Vera, Patricia</subfield>
    <subfield code="u">Universidad de Zaragoza</subfield>
    <subfield code="0">(orcid)0000-0002-8516-3225</subfield>
  </datafield>
  <datafield tag="245" ind1=" " ind2=" ">
    <subfield code="a">De la comedia al terror. Personajes, tramas y estereotipos en las adaptaciones de la ficción juvenil Sabrina: de serie en abierto al streaming de Netflix</subfield>
  </datafield>
  <datafield tag="260" ind1=" " ind2=" ">
    <subfield code="c">2022</subfield>
  </datafield>
  <datafield tag="520" ind1="3" ind2=" ">
    <subfield code="a">El personaje de cómic adolescente Sabrina ha sido adaptado para la teen television desde dos prismas antagónicos: de comedia en abierto a una ficción de misterio en streaming, en Netflix. Para comprobar sus similitudes y diferencias, se aplica un análisis de contenido cualitativo, diseñado para el estudio de series adolescentes sobrenaturales, que analiza una treintena de personajes, sus tramas y conflictos, el desarrollo visual y sus estereotipos. Como se concluye, los protagonistas disponen de una esencia continuista, pero con grandes diferencias de facto en las relaciones afectivas que, desde las tramas, afrontan el acoso escolar y defienden el feminismo, la libertad sexual y la igualdad. Ambas adaptaciones de esta serie juvenil están distantes en forma pero no en fondo. En ellas, el icono juvenil decide su futuro, mágico y mortal, a través de la superación de las injusticias sociales, la defensa de la familia y la lealtad a sus amigos.</subfield>
  </datafield>
  <datafield tag="506" ind1="0" ind2=" ">
    <subfield code="a">Access copy available to the general public</subfield>
    <subfield code="f">Unrestricted</subfield>
  </datafield>
  <datafield tag="536" ind1=" " ind2=" ">
    <subfield code="9">info:eu-repo/grantAgreement/ES/DGA-FEDER/2014-2020</subfield>
    <subfield code="9">info:eu-repo/grantAgreement/ES/DGA/S29-20R-GICID</subfield>
  </datafield>
  <datafield tag="540" ind1=" " ind2=" ">
    <subfield code="9">info:eu-repo/semantics/openAccess</subfield>
    <subfield code="a">by</subfield>
    <subfield code="u">http://creativecommons.org/licenses/by/3.0/es/</subfield>
  </datafield>
  <datafield tag="655" ind1=" " ind2="4">
    <subfield code="a">info:eu-repo/semantics/article</subfield>
    <subfield code="v">info:eu-repo/semantics/publishedVersion</subfield>
  </datafield>
  <datafield tag="710" ind1="2" ind2=" ">
    <subfield code="1">5013</subfield>
    <subfield code="2">675</subfield>
    <subfield code="a">Universidad de Zaragoza</subfield>
    <subfield code="b">Unidad Predepartam. Period.Co.</subfield>
    <subfield code="c">Área Periodismo</subfield>
  </datafield>
  <datafield tag="773" ind1=" " ind2=" ">
    <subfield code="g">22, 2 (2022), 271-290</subfield>
    <subfield code="p">Área abierta</subfield>
    <subfield code="t">AREA ABIERTA</subfield>
    <subfield code="x">1578-8393</subfield>
  </datafield>
  <datafield tag="856" ind1="4" ind2=" ">
    <subfield code="s">1031950</subfield>
    <subfield code="u">http://zaguan.unizar.es/record/124060/files/texto_completo.pdf</subfield>
    <subfield code="y">Versión publicada</subfield>
  </datafield>
  <datafield tag="856" ind1="4" ind2=" ">
    <subfield code="s">1829393</subfield>
    <subfield code="u">http://zaguan.unizar.es/record/124060/files/texto_completo.jpg?subformat=icon</subfield>
    <subfield code="x">icon</subfield>
    <subfield code="y">Versión publicada</subfield>
  </datafield>
  <datafield tag="909" ind1="C" ind2="O">
    <subfield code="o">oai:zaguan.unizar.es:124060</subfield>
    <subfield code="p">articulos</subfield>
    <subfield code="p">driver</subfield>
  </datafield>
  <datafield tag="951" ind1=" " ind2=" ">
    <subfield code="a">2023-02-24-14:25:11</subfield>
  </datafield>
  <datafield tag="980" ind1=" " ind2=" ">
    <subfield code="a">ARTICLE</subfield>
  </datafield>
</record>
</collection>